| 000 | 00487nam a2200181Ia 4500 | ||
|---|---|---|---|
| 003 | GCL | ||
| 005 | 20240530100113.0 | ||
| 008 | 140319s9999 xx 000 0 eng d | ||
| 040 |
_aGCL / _cGCL |
||
| 082 | 0 | 4 |
_a297.0904 _bE V |
| 100 | 1 | _aESPOSITO, JOHN L. | |
| 245 | 1 | 0 |
_aVOICES OF RESURGENT ISLAM / _cESPOSITO, JOHN L. |
| 260 |
_aنيويورك : _bOXFORD UNIVERSITY PRESS ، _c1983 |
||
| 300 |
_a24 CM ؛ _c291 P |
||
| 650 | 0 | 4 | _aISLAM |
| 650 | 0 | 4 | _aISLAM - WOMEN |
| 942 |
_2ddc _cBK |
||
| 999 |
_c14064 _d14064 |
||